00550cam a22002051 4500001001300000003000400013005001700017008004100034010001700075035002000092040001800112042001200130050001600142100004900158245004100207260001100248300002500259500001400284650004600298sa 68010988 DLC20260227112557.0890821s1968 ii 000 0 hino  asa 68010988  a(OCoLC)20227835 aDLCcWaUdDLC apremarc00aPK1939b.S71 aŚrīvāstava, Muralīdhara,d1911-1980.10aŚuddha aksharī kaise sīkheṃ? c[1968] a5, 2, 147 p.c18 cm. aIn Hindi. 0aHindi languagexOrthography and spelling.